Az Airbnb ismertsége és vonzereje Magyarországon A szállásfoglalási trendek, korosztályos preferenciák és választási motivációk elemzése
| Szerző: | |
|---|---|
| További közreműködők: | |
| Dokumentumtípus: | Diplomadolgozat |
| Kulcsszavak: | Airbnb digitalizáció kereskedelmi szálláshelyek magánszálláshelyi adatok szálláshelyek Z generáció |
| Online Access: | http://dolgozattar.uni-bge.hu/60254 |
MARC
| LEADER | 00000nta a2200000 i 4500 | ||
|---|---|---|---|
| 001 | dolg60254 | ||
| 005 | 20260409150212.0 | ||
| 008 | 260409suuuu hu om 000 hun d | ||
| 040 | |a BGE Dolgozattár Repozitórium |b hun | ||
| 041 | |a hu | ||
| 100 | 1 | |a Balogh Bianka Zsófia | |
| 245 | 1 | 3 | |a Az Airbnb ismertsége és vonzereje Magyarországon |b A szállásfoglalási trendek, korosztályos preferenciák és választási motivációk elemzése |c Balogh Bianka Zsófia |h [elektronikus dokumentum] |
| 520 | 3 | |a A szakdolgozat célja az Airbnb magyarországi ismertségének és vonzerejének vizsgálata, különös tekintettel a szállásfoglalási trendekre, a korosztályos preferenciákra és a döntési motivációkra.A téma aktualitását az Airbnb gyors terjedése és a saját felhasználói tapasztalatok adták.A dolgozat átfogó képet nyújt a platform működéséről, történeti fejlődéséről, valamint szabályozási környezetéről, hazai és nemzetközi szinten egyaránt. A kutatás szekunder és primer módszerek kombinációjára épül: a szakirodalmi háttér elemzése mellett egy online kérdőív segítségével vizsgálja a különböző generációk szállásfoglalási szokásait és az Airbnb-hez fűződő viszonyát. A kvantitatív adatok alapján megállapítható, hogy a fiatalabb generációk körében népszerűbb a platform, főként rugalmassága, kedvező árfekvése és élményközpontú kínálata miatt. A piaci és statisztikai elemzések rávilágítanak arra is, hogy Budapest belvárosa kiemelten érintett az Airbnb-használatban, míg a vidéki térségekben fokozatos, de mérsékelt növekedés figyelhető meg. A dolgozat bemutatja a sharing economy modell előnyeit és kihívásait, különösen a lakhatási válság és a szabályozási dilemmák tükrében. Az elemzések eredményei hozzájárulnak a turizmus és szálláspiaci stratégiák újragondolásához, valamint megalapozzák a fenntarthatóbb szabályozási környezet kialakítását Magyarországon. | |
| 695 | |a Airbnb | ||
| 695 | |a digitalizáció | ||
| 695 | |a kereskedelmi szálláshelyek | ||
| 695 | |a magánszálláshelyi adatok | ||
| 695 | |a szálláshelyek | ||
| 695 | |a Z generáció | ||
| 700 | 1 | |a Szalók Dr. Zsófia Csilla |e ths | |
| 856 | 4 | 0 | |u http://dolgozattar.uni-bge.hu/60254/1/Az%20Airbnb%20ismertse%CC%81ge%20e%CC%81s%20vonzereje%20Magyarorsza%CC%81gon_A%20sza%CC%81lla%CC%81sfoglala%CC%81si%20trendek%2C%20koroszta%CC%81lyos%20preferencia%CC%81k%20e%CC%81s%20va%CC%81laszta%CC%81si%20motiva%CC%81cio%CC%81k%20elemze%CC%81se.pdf |z Dokumentum-elérés |
| 856 | 4 | 0 | |u http://dolgozattar.uni-bge.hu/60254/2/B%C3%ADr%C3%A1lati%20lap_Balogh%20Bianka-Csab%C3%A1n%C3%A9%20Budea_2025.pdf |z Dokumentum-elérés |
| 856 | 4 | 0 | |u http://dolgozattar.uni-bge.hu/60254/3/Balogh%20Bianka%20b%C3%ADr%C3%A1lat_Szal%C3%B3k%20Csilla.pdf |z Dokumentum-elérés |